| 000 | 00000nam##2200000za#4500 |
| 001 | 9.536061 |
| 003 | CaOODSP |
| 005 | 20210615084257 |
| 007 | ta |
| 008 | 150406|2002||||xxc||||| f|0| 0 fre|d |
| 020 | |a0-662-66099-4 |
| 040 | |aCaOODSP|bfre |
| 041 | |aeng |
| 041 | |afre |
| 043 | |an-cn--- |
| 086 | 1 |aC21-24/36-2001 |
| 110 | 1 |aCanada.|bIndustrie Canada. |bDirection de l'analyse micro-économique. |
| 245 | 10|aInvestissement étranger direct et formation intérieure de capital / |cpar Walid Hejazi et Peter Pauly. |
| 260 | |bIndustrie Canada. |c2002. |
| 300 | |aTexte française, 80p. : |bgraphiques, tableaux ; |c28 cm. |
| 490 | 1 |aDocuments de travail|vN° 36 |
| 504 | |aBibliographie. |
| 563 | |aCouverture souple |
| 590 | |a02-47|b2002-11-22 |
| 691 | 07|aInvestissement étranger|2gcpds |
| 720 | 1 |aHejazi, Walid |
| 720 | 1 |aPauly, Peter |
| 776 | 0#|tForeign direct investment and domestic capital formation / |w(CaOODSP)9.570628 |
| 776 | 0#|tInvestissement étranger direct et formation intérieure de capital / |w(CaOODSP)9.601276 |
| 791 | |tForeign direct investment and domestic capital formation / |eeng|w(CaOODSP)9.536060 |
| 830 | #0|aDocuments de travail ;|vN° 36|w(CaOODSP)9.509053 |